| 000 -LEADER |
| fixed length control field |
00459nam a2200193Ia 4500 |
| 001 - CONTROL NUMBER |
| control field |
14533 |
| 003 - CONTROL NUMBER IDENTIFIER |
| control field |
GE_BSU |
| 008 - FIXED-LENGTH DATA ELEMENTS--GENERAL INFORMATION |
| fixed length control field |
181216s||||||||xx |||||||||||||| ||und|| |
| 020 ## - INTERNATIONAL STANDARD BOOK NUMBER |
| International Standard Book Number |
0276420063 |
| 040 ## - CATALOGING SOURCE |
| Transcribing agency |
GE_BSU |
| 245 ## - TITLE STATEMENT |
| Title |
Quick & Easy Cooking |
| 245 ## - TITLE STATEMENT |
| Statement of responsibility, etc. |
Consultant editor Anne Ager |
| 260 ## - PUBLICATION, DISTRIBUTION, ETC. |
| Place of publication, distribution, etc. |
London |
| 260 ## - PUBLICATION, DISTRIBUTION, ETC. |
| Name of publisher, distributor, etc. |
Reader's digest association Limited |
| 260 ## - PUBLICATION, DISTRIBUTION, ETC. |
| Date of publication, distribution, etc. |
1988 |
| 300 ## - PHYSICAL DESCRIPTION |
| Extent |
320p.ill.26cm. |
| 653 ## - INDEX TERM--UNCONTROLLED |
| Uncontrolled term |
Quick & Easy Cooking |
| 942 ## - ADDED ENTRY ELEMENTS (KOHA) |
| Koha item type |
წიგნი |